RLCS X - Statistiques

Statistiques générales
  • Ce quiz a été pris 34 fois
  • Le résultat moyen est 41 sur 211
Statistiques - réponses
Hint Réponse % Correct
Renault Vitality Kaydop
96%
Team BDS M0nkeyM00n
93%
Renault Vitality FairyPeak!
85%
Renault Vitality Alpha54
81%
Team BDS Extra
78%
Team BDS Marc_by_8
70%
Rogue Firstkiller
67%
Howard Joyo
67%
The General NRG jstn.
67%
Team Envy Atomic
63%
Solary AztraL
63%
The General NRG GarrettG
63%
Vodafone Giants itachi
63%
Atlantide Wave Radosin
63%
The General NRG SquishyMuffinz
63%
Team Queso Atomik
59%
Illusion rise.
59%
Dignitas ApparentlyJack
56%
Solary Chausette45
56%
Solary Ferra
52%
G2 eSports JKnaps
52%
Top Blokes Kassio
52%
Guild eSports noly
52%
Atlantide Wave saizen
52%
Top Blokes archie
48%
G2 eSports Chicago
48%
Dignitas Joreuz
48%
Team Envy mist
48%
Team Envy Turbopolsa
48%
Dignitas ViolentPanda
48%
Spacestation Gaming Arsenal
44%
Shopify Rebellion BeastMode
44%
Endpoint CeX RelatingWave
44%
BS+Compétition AcroniK
41%
TrainHard eSports ExoTiiK
41%
Vodafone Giants Stake
41%
Version 1 Comm
37%
German Amigos ivn
37%
Wolves eSports Oaly
37%
Spacestation Gaming retals
37%
Spacestation Gaming Sypical
37%
Aether Tox
37%
German Amigos Catalysm
33%
Rix.GG Kash
33%
Endpoint CeX Metsanauris
33%
Atlantide Wave (coach) Rasmelthor
33%
White Demons CRR
30%
Wolves eSports (coach) Juicy
30%
Renault Vitality (coach) Mout
30%
Atlantide Wave pryyme
30%
German Amigos Rizex45
30%
Version 1 Torment
30%
Endpoint CeX virtuoso
30%
Charlotte Phoenix Andy
26%
FaZe Clan AYYJAYY
26%
ostyn Chronic
26%
Guild eSports Deevo
26%
White Demons Dorito
26%
G2 eSports dreaz
26%
TrainHard eSports (coach) Finish
26%
BS+Compétition FreaKii
26%
Version 1 Gimmick
26%
Wolves eSports kuxir97
26%
Guild eSports ThO.
26%
BS+Compétition Godsmilla
22%
Continuum Kronovi
22%
Alpine Esports majicbear
22%
Galaxy Racer Mittaen
22%
Team Queso VK-Sailen
22%
Aether Yukeo
22%
Galaxy Racer arju
19%
Galaxy Racer bluey.
19%
Team Singularity Breezi
19%
Spacestation Gaming (coach) Chrome
19%
Team Queso DmentZa
19%
Aether eekso
19%
TrainHard eSports Ekon
19%
Version 1 (coach) Fireburner
19%
Top Blokes FlamE
19%
FaZe Clan Gyro.
19%
XSET hockser
19%
FaZe Clan Allushin
15%
Team BDS (coach) Kael
15%
Oxygen Esports Lj.
15%
Shopify Rebellion Memory
15%
Rix.GG Oscillon
15%
Illusion Parka
15%
Shopify Rebellion rapid
15%
Team Singularity rehzzy
15%
Susquehanna Soniqs Roll Dizz
15%
The General NRG (coach) Sizz
15%
Rogue Taroco.
15%
Rogue Turinturo
15%
BS+Compétition (coach) Xpére
15%
Vodafone Giants Zamué
15%
WYLDE Chippy
11%
Endpoint CeX (coach) Eclipse
11%
Guild eSports (coach) Gregan
11%
Ghost Gaming LionBlaze
11%
Team Singularity (coach) Markydooda
11%
TrainHard eSports Meloshisu
11%
Rix.GG Mikeboy
11%
Howard Polar
11%
Top Blokes (coach) RamS
11%
Team Liquid (coach) remkoe
11%
Team Liquid Ronaky
11%
Oxygen Esports (coach) Sadjunior
11%
Knights sosa
11%
Susquehanna Soniqs tcorrell
11%
XSET AlphaKep
7%
Vodafone Giants (coach) Arleyobi
7%
WYLDE billy
7%
Charlotte Phoenix Delta
7%
Team Liquid fruity
7%
Team Singularity hibbs
7%
WYLDE Justuszzz
7%
Stromboli kinseh
7%
Alpha AF Madssssss
7%
FC Barcelona Nachitow
7%
Scuba Squad Oath
7%
Alpine Esports percy.
7%
Wolves eSports Rix_Ronday
7%
Susquehanna Soniqs Shock
7%
Team Liquid Speed
7%
Illusion Tadpole
7%
White Demons Tigreee
7%
Knights .ZPS
7%
Radiant Adverse
4%
Continuum Aeon
4%
Nefarious Ahduhm
4%
Stromboli Alraz
4%
Galaxy Racer (coach) Andythemandy
4%
Scuba Squad Angel
4%
Volt Esports astro
4%
Continuum Astroh
4%
eUnited ayjacks
4%
Zookeepers Bambii
4%
Charlotte Phoenix Beastaboniam
4%
FC Barcelona Blurry
4%
White Demons (coach) Braan.
4%
Nefarious Buddy
4%
Team Queso (coach) ByJesuxEsP
4%
Howard Calix
4%
Volt Esports caz
4%
Volt Esports (coach) Coach Bass
4%
Rogue (coach) CorruptedG
4%
The Love Below ctrl.
4%
eUnited Dappur
4%
Alpha AF dave
4%
ostyn Dino
4%
Nordavind DNB Enlid
4%
Illusion (coach) Ethzn
4%
WYLDE (coach) Face
4%
Ghost Gaming (coach) Fakey
4%
Radiant Fefe
4%
Charlotte Phoenix (coach) FireRaptor
4%
Ghost Gaming Freshness
4%
Team Envy (coach) furane
4%
Radiant (coach) Ghost.
4%
Shopify Rebellion (coach) hawpsu
4%
Volt Esports hec
4%
72PC Jacob
4%
G2 eSports (coach) Jahzo
4%
Zookeepers Jbot
4%
Rix.GG (coach) JG7
4%
PrideStark Empire (coach) Jimmer
4%
Alpine Esports jordan
4%
72PC (coach) Josh
4%
XSET JPow
4%
Nefarious JWismont
4%
Nordavind DNB (coach) Jwols
4%
Oxygen Esports Kraziks
4%
Nordavind DNB Maadzz
4%
German Amigos (coach) MaGiCzZz
4%
Alpha AF Matsgrey
4%
Knights (coach) McLando
4%
Ghost Gaming mectos
4%
RBG Esports Mile
4%
Alpine Esports (coach) miztik
4%
RBG Esports money
4%
Team .EXE Monster442
4%
Solary (coach) Moon Phases
4%
FaZe Clan (coach) Moopy
4%
Team .EXE Night
4%
The Love Below Outcast
4%
Susquehanna Soniqs (coach) PocketPsych
4%
PrideStark Empire Porklet
4%
Knights radoko
4%
72PC Sea-Bass
4%
Stromboli Shadow
4%
PrideStark Empire Sharp
4%
Scuba Squad Shea
4%
Radiant Skyzz
4%
Aether (coach) Snaski
4%
Nefarious (coach) Space Beer
4%
PrideStark Empire Splashy
4%
72PC Spyder
4%
RBG Esports Stokelyy
4%
eUnited (coach) Sub'N
4%
FC Barcelona Tahz
4%
RBG Esports (coach) Threes
4%
Team .EXE Titoh
4%
Oxygen Esports Toastie
4%
Zookeepers Tool
4%
Nordavind DNB Trex
4%
XSET (coach) Trey
4%
eUnited .tristn
4%
The Love Below Turtle
4%
Dignitas (coach) Virge
4%
Zookeepers (coach) Wronskian
4%
ostyn Xpurt
4%
Aucun quiz correspondant
Distribution des résultats
% des personnes avec chaque résultat
Percentile par nombre de réponses
Votre historique - résultats
Vous n’avez pas pris ce quiz